Mizoram : (Record no. 38268)

MARC details
000 -LEADER
fixed length control field 00849nam a22002297a 4500
005 - DATE AND TIME OF LATEST TRANSACTION
control field 20100730143622.0
010 ## - LCCN (DPL NO)
LC control number ENG-97321
020 ## - INTERNATIONAL STANDARD BOOK NUMBER
International Standard Book Number 8172112645
Terms of availability 400.00
020 ## - INTERNATIONAL STANDARD BOOK NUMBER
International Standard Book Number 9788172112646
Terms of availability 400.00
035 ## - SYSTEM CONTROL NUMBER
System control number EN-80854
037 ## - SOURCE OF ACQUISITION
Source of stock number/acquisition DBAD/PUB
082 ## - DEWEY DECIMAL CLASSIFICATION NUMBER
Classification number 915.4166
100 ## - MAIN ENTRY--PERSONAL NAME
Personal name Pachuau, Rintluanga
245 ## - TITLE STATEMENT
Title Mizoram :
Remainder of title a study in comprehensive geography /
Statement of responsibility, etc by Rintluanga Pachuau
260 ## - PUBLICATION, DISTRIBUTION, ETC. (IMPRINT)
Place of publication, distribution, etc New Delhi
Name of publisher, distributor, etc Northern Book Centre
Date of publication, distribution, etc 2009
270 ## - ADDRESS
Address 4221/1, Ansari Road, Daryaganj
City New Delhi
Postal code 110002
300 ## - PHYSICAL DESCRIPTION
Extent xx, 140p.
Dimensions 22cm, (Hb)
500 ## - GENERAL NOTE
General note includes bibliography and index
650 ## - SUBJECT ADDED ENTRY--TOPICAL TERM
Topical term or geographic name as entry element Geography
Geographic subdivision Mizoram, India
942 ## - ADDED ENTRY ELEMENTS (KOHA)
Source of classification or shelving scheme Dewey Decimal Classification
Item type English Books
Classification part 915.4166
Call number suffix PAC
Holdings
Withdrawn status Lost status Not for loan Collection code Home library Current library Date acquired Source of acquisition Cost, normal purchase price Full call number Barcode Copy number Cost, replacement price Koha item type
    Not For Loan Non-fiction D.B.Act.Division D.B.Act.Division 30/07/2010 DBAD/PUB 400.00 915.4166 PAC EN-80854 1 400.00 English Books

© Delhi Public Library
Hit Counter
free hit counter